| 000 | 00350cam a2200145ua 4500 | ||
|---|---|---|---|
| 041 |
_aeng _h |
||
| 082 |
_a828 _bPRO/GU |
||
| 100 | _aProust, Marcel . | ||
| 245 |
_aGuermantes way / _cMarcel Proust. _hTextual Documents |
||
| 260 |
_aLondon : _bChatto and Windus , _c1960. |
||
| 300 | _a426 ; . | ||
| 504 | _a | ||
| 942 | _cBK | ||
| 999 |
_c10454 _d10454 |
||